Statistics for Contitents of the world in 1 minutes

Click here to take the quiz!

General Stats

  • This quiz has been taken 39 times
  • The average score is 7 of 10

Answer Stats

HintAnswer% Correct
Part of EurasiaAsia
100%
Part of EurasiaEurope
100%
Has been one contitent whit the next oneNorth-America
97%
Have been one contitent whit the previous oneSouth-America
97%
Hottest contitent in the worldAfrica
91%
Is usually put as one contitent whit the next oneAustralia
70%
Is usually put as one contitent whit the previous oneOceania
64%
Is the driest contitentAntartica
48%
A contitent according to some sourcesMiddle east
9%
Microcontitent which is said to be a contitent the mostZealandia
3%

Score Distribution

Percentile by Number Answered

Percent of People with Each Score

Your Score History

You have not taken this quiz